[Event "DOM-ch"]
[Site "Santo Domingo"]
[Date "2015.05.15"]
[Round "9"]
[White "Castillo Ortiz, Nelson Javier"]
[Black "Ferreiras Fernandez, Sergio"]
[Result "0-1"]
[WhiteElo "2028"]
[BlackElo "1885"]
[PlyCount "78"]
[EventDate "2015.05.01"]
[EventType "swiss"]
[EventRounds "11"]
[EventCountry "DOM"]
[SourceTitle "CBM 166 Extra"]
[Source "ChessBase"]
[SourceDate "2015.06.18"]
[SourceVersion "1"]
[SourceVersionDate "2015.06.18"]
[SourceQuality "1"]

1. d4 d5 2. Nf3 Nf6 3. c4 c6 4. g3 e6 5. Bg2 Nbd7 6. b3 Be7 7. 0-0 0-0 8. Bb2 b6 9. Nbd2 Bb7 10. Rc1 Rc8 11. e4 Nxe4 12. Nxe4 dxe4 13. Nd2 f5 14. Qe2 Bg5 15. Rcd1 Qe7 16. Rfe1 c5 17. f3 cxd4 18. Bxd4 e5 19. Bf2 exf3 20. Nxf3 Bxf3 21. Qxf3 e4 22. Qh5 g6 23. Qe2 Ne5 24. Rd5 Rfd8 25. Bxe4 fxe4 26. Qxe4 Bf6 27. Kg2 Rxd5 28. cxd5 Qd6 29. Bd4 Nf7 30. Be3 Rd8 31. Rd1 Qe5 32. Qd3 Bg5 33. Bf2 Bf6 34. Kg1 Ng5 35. g4 Qe4 36. Qxe4 Nxe4 37. Be1 Be7 38. Kg2 Nf6 39. Bh4 Nxd5 0-1

[Event "DOM-ch"]
[Site "Santo Domingo"]
[Date "2015.05.09"]
[Round "7"]
[White "Estevez Polanco, Leonardo Rafael"]
[Black "Ferreiras Fernandez, Sergio"]
[Result "1-0"]
[WhiteElo "2133"]
[BlackElo "1885"]
[PlyCount "49"]
[EventDate "2015.05.01"]
[EventType "swiss"]
[EventRounds "11"]
[EventCountry "DOM"]
[SourceTitle "CBM 166 Extra"]
[Source "ChessBase"]
[SourceDate "2015.06.18"]
[SourceVersion "1"]
[SourceVersionDate "2015.06.18"]
[SourceQuality "1"]

1. e4 e6 2. d4 d5 3. Nc3 Bb4 4. Bd2 Ne7 5. e5 c5 6. Nb5 Bxd2+ 7. Qxd2 0-0 8. Nf3 a6 9. Nc3 cxd4 10. Nxd4 Nbc6 11. f4 Nxd4 12. Qxd4 Nc6 13. Qd2 f6 14. exf6 Qxf6 15. g3 b5 16. 0-0-0 Bb7 17. Bg2 Rac8 18. Rhe1 Nb4 19. a3 Nc6 20. Rxe6 Qxe6 21. Bxd5 Nd8 22. Bxe6+ Nxe6 23. Re1 Nc5 24. Re7 Bc6 25. Qd4 1-0

[Event "DOM-ch"]
[Site "Santo Domingo"]
[Date "2015.05.02"]
[Round "3"]
[White "Pena Perez, Luis Eduardo"]
[Black "Ferreiras Fernandez, Sergio"]
[Result "0-1"]
[WhiteElo "2047"]
[BlackElo "1885"]
[PlyCount "126"]
[EventDate "2015.05.01"]
[EventType "swiss"]
[EventRounds "11"]
[EventCountry "DOM"]
[SourceTitle "CBM 166 Extra"]
[Source "ChessBase"]
[SourceDate "2015.06.18"]
[SourceVersion "1"]
[SourceVersionDate "2015.06.18"]
[SourceQuality "1"]

1. e4 e6 2. d4 d5 3. Nc3 Bb4 4. e5 c5 5. a3 Bxc3+ 6. bxc3 Ne7 7. h4 Qa5 8. Bd2 c4 9. h5 h6 10. Qg4 Nf5 11. Nf3 Nc6 12. a4 Bd7 13. Be2 Nce7 14. Qh3 Nc8 15. Nh4 Nce7 16. g4 Nxh4 17. Qxh4 Bxa4 18. 0-0 Qb5 19. Rfb1 Qd7 20. Ra2 b5 21. Bc1 0-0 22. g5 Nf5 23. Qg4 Kh8 24. Kh1 Rg8 25. Bd2 a5 26. Qf4 hxg5 27. Qxg5 Qe7 28. Bg4 Qxg5 29. Bxg5 Nh6 30. Bh3 Kh7 31. Kg2 Rae8 32. Kf1 Rgf8 33. Ke2 f6 34. Bf4 Nf7 35. exf6 gxf6 36. Bc7 Ra8 37. Kd2 Ng5 38. Bg2 Kh6 39. Re1 Ra6 40. f4 Ne4+ 41. Bxe4 Rc8 42. Bg6 Rxc7 43. Raa1 Re7 44. Re2 Rb6 45. Kc1 e5 46. fxe5 fxe5 47. dxe5 Rbe6 48. Kb2 Rxe5 49. Rg2 R7e6 50. Bf7 Rf6 51. Rg6+ Rxg6 52. hxg6 Re2 53. Rh1+ Kg7 54. Rc1 Rd2 55. Be8 Re2 56. Bf7 Rd2 57. Be8 d4 58. cxd4 Rxd4 59. Kc3 Re4 60. Bf7 b4+ 61. Kd2 c3+ 62. Kd3 Rg4 63. Rh1 Rg3+ 0-1